| 000 | 00548nam a22001817a 4500 | ||
|---|---|---|---|
| 005 | 20251108164338.0 | ||
| 008 | 250721s1999 xx 000 0 ara d | ||
| 082 | 1 | 4 | _a346.04409565/معا |
| 100 | 1 | _aالمعايطة، ناصر | |
| 245 | 1 | 0 | _aالأحكام التمييز في قانون الإجارة الأردني / |
| 264 | 1 |
_aعمان : _bدار البلسم للنشر، _c1999. |
|
| 300 | _a337ص | ||
| 650 | 1 | 7 | _aالإيجار |
| 650 | 1 | 7 | _aالعقود |
| 650 | 1 | 7 | _aتأجير المساكن |
| 942 |
_2ddc _cBK |
||
| 999 |
_c9898 _d9898 |
||